الوضع القانوني لمصانع الادوية : (رقم التسجيلة. 246936)
[ عرض عادي ]
| 000 -الفاتح | |
|---|---|
| عناصر البيانات ثابتة الطول | 00930cam a2200217 i 4500 |
| 005 - تاريخ ووقت آخر معاملة | |
| حقل ضبط | 20260122084641.0 |
| 008 - عناصر البيانات ثابتة الطول | |
| عناصر البيانات ثابتة الطول | 250721s2024 ua gr 000 0 ara d |
| 020 ## - الترقيم الدولي المعياري للكتب (ردمك) | |
| الترقيم الدولي المعياري للكتب (ردمك) | 9789778414219 |
| 082 14 - رقم تصنيف ديوي العشري | |
| رقم التصنيف | 344.042 |
| رقم المادة | ي و س |
| 100 1# - مدخل رئيسي – اسم شخصي | |
| الاسم الشخصي | يوسف، اعتدال عبدالباقي |
| علاقة الشخص بالعمل/ دوره | مؤلف. |
| 245 12 - بيان العنوان | |
| العنوان | الوضع القانوني لمصانع الادوية : |
| بقية العنوان | دراسة مقارنة / |
| بيان المسؤولية | الاستاذ المساعد اعتدال عبد الباقي يوسف، الباحث حسام فاضل عبد الوهاب. |
| 250 ## - بيان الطبعة | |
| بيان الطبعة | الطبعة الاولى. |
| 264 31 - بيانات النشر، التوزيع…إلخ | |
| مكان النشر، التوزيع...إلخ | القاهرة : |
| اسم الناشر، الموزع...إلخ | المركز العربي للنشر، |
| تاريخ النشر، التوزيع...إلخ | 2024. |
| 300 ## - الوصف المادي | |
| عدد الوحدات المكونة للوعاء | 282 صفحة. |
| 650 17 - مدخل إضافي بالموضوع - مصطلح موضوعي | |
| مصطلح موضوعي أو اسم جغرافي كعنصر مدخل | قانون الصحة العامة. |
| 650 17 - مدخل إضافي بالموضوع - مصطلح موضوعي | |
| مصطلح موضوعي أو اسم جغرافي كعنصر مدخل | مراقبة الانتاج. |
| 650 17 - مدخل إضافي بالموضوع - مصطلح موضوعي | |
| مصطلح موضوعي أو اسم جغرافي كعنصر مدخل | مصانع الادوية. |
| 700 1# - مدخل إضافي - اسم شخصي | |
| الاسم الشخصي | عبد الوهاب، حسام فاضل |
| علاقة الشخص بالعمل/ دوره | مؤلف. |
| 942 ## - بيانات إضافية (كوها) | |
| نوع التنصيف | Dewey Decimal Classification |
| نوع المادة (كوها) | كتب |
| حالة السحب | حالة الفقدان | مصدر التصنيف | حالة التلف | غير قابل للإعارة | المكتبة الرئيسية | المكتبة الحالية | موقع الرف | تاريخ التزويد | العملة | الرقم المتسلسل | Total Checkouts | رقم الإستدعاء | الباركود | تاريخ آخر ظهور | تاريخ الفاتورة | نوع المادة (كوها) |
|---|---|---|---|---|---|---|---|---|---|---|---|---|---|---|---|---|
| Dewey Decimal Classification | المكتبة المركزية | المكتبة المركزية | الإعارة | 22/01/2026 | JOD | 1786040 | 344.042 / ي و س | PLD0000509617 | 22/01/2026 | 22/01/2026 | كتب |